首都圏シリーズ導入駅 - Statistics

General Stats
  • This quiz has been taken 16 times
    6 since last reset
  • The average score is 124 of 278
Answer Stats
都道府県 駅名 % Correct
水戸
80%
田端
80%
西日暮里
80%
日暮里
80%
上野
80%
御徒町
80%
秋葉原
80%
神田
80%
東京
80%
有楽町
80%
新橋
80%
田町
80%
品川
80%
大崎
80%
五反田
80%
目黒
80%
渋谷
80%
原宿
80%
代々木
80%
新宿
80%
池袋
80%
御茶ノ水
80%
飯田橋
80%
四ツ谷
80%
東中野
80%
中野
80%
高円寺
80%
国立
80%
立川
80%
西八王子
80%
高尾
80%
福島県 いわき
60%
勝田
60%
ひたち野うしく
60%
藤代
60%
取手
60%
古河
60%
栃木県 雀宮
60%
自治医大
60%
小金井
60%
小山
60%
沼田
60%
新前橋
60%
高崎
60%
倉賀野
60%
中之条
60%
伊勢崎
60%
大宮
60%
川口
60%
鹿島神宮
60%
東京都 赤羽
60%
東十条
60%
上中里
60%
浜松町
60%
大井町
60%
新大久保
60%
大久保
60%
荻窪
60%
西荻窪
60%
東小金井
60%
武蔵小金井
60%
日野
60%
西大井
60%
神奈川県 川崎
60%
鶴見
60%
東神奈川
60%
横浜
60%
東戸塚
60%
戸塚
60%
桜木町
60%
石川町
60%
根岸
60%
北鎌倉
60%
鎌倉
60%
逗子
60%
田浦
60%
横須賀
60%
久里浜
60%
武蔵小杉
60%
相模湖
60%
甲府
60%
長野
60%
内郷
40%
40%
植田
40%
勿来
40%
新白河
40%
茨城県 大津港
40%
南中郷
40%
東海
40%
佐和
40%
赤塚
40%
内原
40%
羽鳥
40%
高浜
40%
石橋
40%
間々田
40%
野木
40%
佐野
40%
富田
40%
群馬県 水上
40%
渋川
40%
井野
40%
高崎問屋町
40%
新町
40%
安中
40%
横川
40%
前橋大島
40%
駒形
40%
埼玉県 神保原
40%
本庄
40%
岡部
40%
北本
40%
桶川
40%
宮原
40%
栗橋
40%
東鷲宮
40%
久喜
40%
新白岡
40%
白岡
40%
東大宮
40%
土呂
40%
さいたま新都心
40%
与野
40%
北浦和
40%
浦和
40%
南浦和
40%
40%
西川口
40%
戸田公園
40%
戸田
40%
北戸田
40%
武蔵浦和
40%
南与野
40%
与野本町
40%
北与野
40%
西大宮
40%
指扇
40%
南古谷
40%
川越
40%
東所沢
40%
西浦和
40%
東浦和
40%
東川口
40%
越谷レイクタウン
40%
吉川
40%
吉川美南
40%
新三郷
40%
三郷
40%
市川塩浜
40%
二俣新町
40%
南船橋
40%
新習志野
40%
幕張豊砂
40%
検見川浜
40%
稲毛海岸
40%
千葉みなと
40%
市川
40%
本八幡
40%
下総中山
40%
西船橋
40%
船橋
40%
東船橋
40%
津田沼
40%
幕張本郷
40%
幕張
40%
新検見川
40%
稲毛
40%
西千葉
40%
本千葉
40%
浜野
40%
鎌取
40%
土気
40%
大網
40%
本納
40%
茂原
40%
八積
40%
上総一ノ宮
40%
成東
40%
銚子
40%
佐原
40%
船橋法典
40%
市川大野
40%
東松戸
40%
新八柱
40%
新松戸
40%
松戸
40%
40%
王子
40%
大森
40%
三河島
40%
南千住
40%
小岩
40%
新小岩
40%
平井
40%
亀戸
40%
錦糸町
40%
両国
40%
浅草橋
40%
信濃町
40%
千駄ケ谷
40%
吉祥寺
40%
武蔵境
40%
馬喰町
40%
新日本橋
40%
北府中
40%
府中本町
40%
葛西臨海公園
40%
新木場
40%
潮見
40%
越中島
40%
八丁堀
40%
新子安
40%
藤沢
40%
早川
40%
根府川
40%
湯河原
40%
山手
40%
磯子
40%
本郷台
40%
東逗子
40%
衣笠
40%
新川崎
40%
塩山
40%
山梨市
40%
静岡県 熱海
40%
網代
40%
伊豆多賀
40%
安中榛名
20%
上毛高原
20%
中浦和
20%
日進
20%
本庄早稲田
20%
熊谷
20%
千葉県 新浦安
20%
榎戸
20%
八街
20%
我孫子
20%
板橋
20%
新秋津
20%
新小平
20%
保土ケ谷
20%
茅ケ崎
20%
大磯
20%
鴨宮
20%
真鶴
20%
新杉田
20%
洋光台
20%
港南台
20%
藤野
20%
山梨県 上野原
20%
四方津
20%
梁川
20%
鳥沢
20%
猿橋
20%
大月
20%
初狩
20%
笹子
20%
甲斐大和
20%
勝沼ぶどう郷
20%
東山梨
20%
春日居町
20%
酒折
20%
竜王
20%
塩崎
20%
韮崎
20%
新府
20%
穴山
20%
日野春
20%
長坂
20%
小淵沢
20%
来宮
20%
新潟県 越後湯沢
20%
浦佐
20%
長岡
20%
燕三条
20%
長野県 佐久平
20%
上田
20%
No matching quizzes found
Score Distribution
Percent of People with Each Score
Percentile by Number Answered
Your Score History
You have not taken this quiz since the last reset